| LEADER 00000nam 2200000uu 4500 |
| 001 13399120620 |
| 003 BCNR |
| 008 101111s2554||||th 000 0 tha d |
| 020 9786111100617 |
| 041 0 tha |
| 060 04 WY152^bอ372ก 2554 |
| 100 0 อรวรรณ แผนคง |
| 245 10 การพยาบาลผู้สูงอายุ /^cอรวรรณ แผนคง |
| 250 พิมพ์ครั้งที่ 3 |
| 260 นนทบุรี :^bโครงการสวัสดิการวิชาการ สถาบันพระบรมราชชนก,^c2554 |
| 300 0147 หน้า :^bภาพประกอบ ;^c26 ซม. |
| 650 7 การพยาบาลผู้สูงอายุ |
| 650 7 เวชศาสตร์วัยชรา |
| 650 7 ผู้สูงอายุ^xการดูแล^xแง่การแพทย์ |
| 710 2 กระทรวงสาธารณสุข. ^bสถาบันพระบรมราชชนก.^bโครงการสวัสดิการวิชาการ |
| 999 ^aบรรณารักษ์ |